Vývoj architektury v 19. a 20. století. Díl 1 /

Hlavní autor: Hrubý, Jan, 1952-
Jazyk: Čeština
Vydáno: Brno : VUT, 1989
Vydání: 2. vyd.
Edice: Učební texty vysokých škol
Témata:
Externí odkaz: Digitalizovaný dokument
Fyzický popis: 149 s. : il.
Knihy
Uloženo v:
LEADER 01368nam a2200337 a 4500
001 000556605
003 CZ BrMZK
005 20250313091822.0
007 ta
008 000105s1989 xr a f cze d
015 |a cnb000061411 
020 |a 80-214-1079-5 
035 |a (OCoLC)85672159 
040 |a BOA001  |b cze 
080 9 |a 72(091)(075.8):378.662 
100 1 |a Hrubý, Jan,  |d 1952-  |7 xx0020685  |4 aut 
245 1 0 |a Vývoj architektury v 19. a 20. století.  |n Díl 1 /  |c Jan Hrubý 
250 |a 2. vyd. 
260 |a Brno :  |b VUT,  |c 1989 
300 |a 149 s. :  |b il. 
490 1 |a Učební texty vysokých škol 
504 |a Obsahuje bibliografii 
810 2 |a Vysoké učení technické v Brně.  |b Fakulta architektury.  |t Učební texty 
856 4 1 |u http://www.digitalniknihovna.cz/mzk/uuid/uuid:4dcd78d0-bfc9-11e3-aec3-005056827e52  |y Digitalizovaný dokument  |x NDK 
910 |a BOA001  |b 4-0966.882,1  |b TK-A-0247.381,1 
920 |a 000193882 
964 |a Architektura - vývoj - stol. 19.-20. - učebnice - vysoké školy 
990 |a BK 
996 7 |b 2619341950  |c 4-0966.882,1  |l MZK  |r Sklad / do 1 hodiny  |n 12  |w 000556605  |u 000020  |a 1  |e BOA001  |j MZK50  |s A 
996 6 |b 2619729555  |c 4-0966.882,1  |l MZK  |r Sklad / do 1 hodiny  |n 6  |w 000556605  |u 000010  |a 1  |e BOA001  |j MZK50  |s P 
996 7 |b 2629991823  |c TK-A-0247.381/1  |l MZK  |r Sklad / do 24 hodin  |n 25  |w 000556605  |u 000030  |a 1  |e BOA001  |j MZK50  |s A